• 首页
  • 本馆介绍
  • 公告通知
  • 最新文献
  • 馆藏检索
  • 电子资源
  • 读者导购
  • 参考咨询
  • 我的图书馆
  • 登录
  • 详细信息显示
  • 放入我的书架
  • 预约/预借图书
  • 作者相关作品
  • 分类相关作品
  • 丛书相关作品
  • 出版社相关作品

书目信息

  • 表格格式
  • 工作单格式
  • 卡片格式
题名:
中国交通运输发展报告
    
 
作者: ;国家发改委综合运输研究所 编
分册: 2020  
出版信息: 北京   中国市场出版社  2020.09
页数: 237页
开本: 24cm
丛书名: 国家高端智库
单 册:
中图分类: F512.3
科图分类:
主题词: 交通运输业--jiao tong yun shu ye--研究报告--中国--2020
电子资源:
ISBN: 978-7-5092-1974-4
000 01185nam 2200265 450
001 CAL 0120203074180
005 20230301160856.69
010    @a978-7-5092-1974-4@dCNY138.00
100    @a20201019d2020 em y0chiy0120 ea
101 0  @achi
102    @aCN@b110000
105    @aak z 000yy
106    @ar
200 1  @a中国交通运输发展报告@Azhong guo jiao tong yun shu fa zhan bao gao@h2020@h2020@d= China transportation development report@f国家发改委综合运输研究所编@zeng
210    @a北京@c中国市场出版社@d2020.09
215    @a237页@c彩图@d24cm
225 2  @a国家高端智库@Aguo jia gao duan zhi ku
330    @a全书由70年历程、发展成就、改革政策、交通建设、区域发展、发展展望和附录共7部分组成, 针对新形势、新变化、新要求, 系统客观全面地总结了2019年我国交通运输发展的基本情况, 分析其特点, 展望和探讨交通运输发展的趋势。
410  0 @12001 @a国家高端智库
510 1  @aChina transportation development report@h2020@zeng
606 0  @a交通运输业@Ajiao tong yun shu ye@x研究报告@y中国@z2020
690    @aF512.3@v5
711 02 @a国家发改委综合运输研究所@Aguo jia fa gai wei zong he yun shu yan jiu suo@4编
801  0 @aCN@bBJXHZP@c20230228
905    @b1397395-8@dF512.3@e26:(2020)@f4
    
    中国交通运输发展报告.2020.2020= China transportation development report/国家发改委综合运输研究所编.-北京:中国市场出版社,2020.09
    237页:彩图;24cm.-(国家高端智库)
    
    
    ISBN 978-7-5092-1974-4:CNY138.00
    全书由70年历程、发展成就、改革政策、交通建设、区域发展、发展展望和附录共7部分组成, 针对新形势、新变化、新要求, 系统客观全面地总结了2019年我国交通运输发展的基本情况, 分析其特点, 展望和探讨交通运输发展的趋势。
●
相关链接 在E读中查询图书 在五车中查询图书 在当当中查询图书 在豆瓣中查询图书


正题名:中国交通运输发展报告     索取号:F512.3/26:(2020)         预约/预借

序号 登录号 条形码 馆藏地/架位号 状态 备注
1 1397395   213973958   第一样本阅览室/ [索取号:F512.3/26:(2020)] 在馆    
2 1397396   213973967   第一借阅区/ [索取号:F512.3/26:(2020)] 在馆    
3 1397397   213973976   第一借阅区/ [索取号:F512.3/26:(2020)] 在馆    
4 1397398   213973985   第一借阅区/ [索取号:F512.3/26:(2020)] 在馆    
唐山师范学院图书馆 欢迎您!
大连网信软件有限公司© 版权所有